| 000 | 00556nam a2200205 4500 | ||
|---|---|---|---|
| 001 | 7366 | ||
| 005 | 20230410123646.0 | ||
| 008 | 060907n1992 dr spa | ||
| 020 | _a8486799260 | ||
| 035 | _9funglode7430 | ||
| 041 | _aES | ||
| 050 | 1 | 4 | _aKKT 810 F122f 1992 |
| 100 | _aFabra Valle, German | ||
| 245 | 1 |
_aFormularios de contratos civiles / _cGerman Fabra Valle, Felipe Castillo Sevilla |
|
| 250 | _a2 | ||
| 260 |
_aMadrid : _bNeo Ediciones, _c1992 |
||
| 300 | _a278 p. | ||
| 700 | _aCastillo Sevilla, Felipe | ||
| 942 |
_2lcc _cbk |
||
| 999 |
_c65747 _d65747 |
||